<?xml version="1.0" encoding="UTF-8"?>
<collection xmlns="http://www.loc.gov/MARC21/slim">
 <record>
  <leader>02670nab a2200289 i 4500</leader>
  <controlfield tag="001">publ34531</controlfield>
  <controlfield tag="005">20240905091847.0</controlfield>
  <controlfield tag="008">240905s2024    hu      o     000   eng d</controlfield>
  <datafield tag="022" ind1=" " ind2=" ">
   <subfield code="a">2076-3417</subfield>
  </datafield>
  <datafield tag="024" ind1="7" ind2=" ">
   <subfield code="a">10.3390/app14177837</subfield>
   <subfield code="2">doi</subfield>
  </datafield>
  <datafield tag="024" ind1="7" ind2=" ">
   <subfield code="a">35203163</subfield>
   <subfield code="2">mtmt</subfield>
  </datafield>
  <datafield tag="040" ind1=" " ind2=" ">
   <subfield code="a">SZTE Publicatio Repozitórium</subfield>
   <subfield code="b">hun</subfield>
  </datafield>
  <datafield tag="041" ind1=" " ind2=" ">
   <subfield code="a">eng</subfield>
  </datafield>
  <datafield tag="100" ind1="1" ind2=" ">
   <subfield code="a">Tomášik Juraj</subfield>
  </datafield>
  <datafield tag="245" ind1="1" ind2="4">
   <subfield code="a">The Potential of AI-Powered Face Enhancement Technologies in Face-Driven Orthodontic Treatment Planning</subfield>
   <subfield code="h">[elektronikus dokumentum] /</subfield>
   <subfield code="c"> Tomášik Juraj</subfield>
  </datafield>
  <datafield tag="260" ind1=" " ind2=" ">
   <subfield code="c">2024</subfield>
  </datafield>
  <datafield tag="300" ind1=" " ind2=" ">
   <subfield code="a">21</subfield>
  </datafield>
  <datafield tag="490" ind1="0" ind2=" ">
   <subfield code="a">APPLIED SCIENCES-BASEL</subfield>
   <subfield code="v">14 No. 17</subfield>
  </datafield>
  <datafield tag="520" ind1="3" ind2=" ">
   <subfield code="a">Improving one’s appearance is one of the main reasons to undergo an orthodontic therapy. While occlusion is important, not just for long-term stability, aesthetics is often considered a key factor in patient’s satisfaction. Following recent advances in artificial intelligence (AI), this study set out to investigate whether AI can help guide orthodontists in diagnosis and treatment planning. In this study, 25 male and 25 female faces were generated and consequently enhanced using FaceApp (ver. 11.10, FaceApp Technology Limited, Limassol, Cyprus), one of the many pictures transforming applications on the market. Both original and FaceApp-modified pictures were then assessed by 441 respondents regarding their attractiveness, and the pictures were further compared using a software for picture analyses. Statistical analysis was performed using Chi-square goodness of fit test R Studio Studio (ver. 4.1.1, R Core Team, Vienna, Austria) software and the level of statistical significance was set to 0.05. The interrater reliability was tested using Fleiss’ Kappa for m Raters. The results showed that in 49 out of 50 cases, the FaceApp-enhanced pictures were considered to be more attractive. Selected pictures were further analyzed using the graphical software GIMP. The most prominent changes were observed in lip fullness, eye size, and lower face height. The results suggest that AI-powered face enhancement could be a part of the diagnosis and treatment planning stages in orthodontics. These enhanced pictures could steer clinicians towards soft-tissue-oriented and personalized treatment planning, respecting patients’ wishes for improved face appearance.</subfield>
  </datafield>
  <datafield tag="650" ind1=" " ind2="4">
   <subfield code="a">Klinikai orvostan</subfield>
  </datafield>
  <datafield tag="700" ind1="0" ind2="1">
   <subfield code="a">Zsoldos Márton</subfield>
   <subfield code="e">aut</subfield>
  </datafield>
  <datafield tag="700" ind1="0" ind2="1">
   <subfield code="a">Majdáková Kristína</subfield>
   <subfield code="e">aut</subfield>
  </datafield>
  <datafield tag="700" ind1="0" ind2="1">
   <subfield code="a">Fleischmann Alexander</subfield>
   <subfield code="e">aut</subfield>
  </datafield>
  <datafield tag="700" ind1="0" ind2="1">
   <subfield code="a">Oravcová Ľubica</subfield>
   <subfield code="e">aut</subfield>
  </datafield>
  <datafield tag="700" ind1="0" ind2="2">
   <subfield code="a">Sónak Ballová Dominika</subfield>
   <subfield code="e">aut</subfield>
  </datafield>
  <datafield tag="700" ind1="0" ind2="2">
   <subfield code="a">Thurzo Andrej</subfield>
   <subfield code="e">aut</subfield>
  </datafield>
  <datafield tag="856" ind1="4" ind2="0">
   <subfield code="u">http://publicatio.bibl.u-szeged.hu/34531/1/applsci-14-07837-with-cover.pdf</subfield>
   <subfield code="z">Dokumentum-elérés </subfield>
  </datafield>
 </record>
</collection>
